Countries with the Death Penalty - Sudden Death - Statistics

General Stats
  • This quiz has been taken 154 times
  • The average score is 3 of 18
Answers on the Grid
Answers color-coded by a green-red scale on the quiz's grid according to % correct below.
Algeria
Azerbaijan
Bahrain
Belarus
Botswana
Brunei
Cambodia
Central African Republic
China
Egypt
Haiti
Hungary
India
Iran
Israel
Japan
Jordan
Kazakhstan
Myanmar
Oman
Russia
Singapore
South Korea
South Sudan
Syria
Taiwan
Thailand
Turkey
Ukraine
United States
Venezuela
Vietnam
 
Answer Stats
Answer % Correct
United States
50%
China
39%
Iran
34%
Belarus
26%
Japan
21%
Bahrain
18%
India
18%
Singapore
17%
Egypt
15%
Thailand
13%
Oman
12%
Syria
12%
Jordan
11%
Myanmar
11%
Vietnam
10%
South Sudan
9%
Botswana
7%
Taiwan
7%
No matching quizzes found
Score Distribution
Percent of People with Each Score
Percentile by Number Answered
Your Score History
You have not taken this quiz